00829nam a22002057a 4500003000500000005001700005008004100022010001100063011001100074035001100085040000900096100003100105245014100136260004000277500006000317502012300377650003800500650002100538856006400559CHAP20220329143924.0270812s2012 mx r 00010 spa d a103764 a104736 a115426 cCHAP1 aPeredo Arellano, Mónica.10aIdentificación del carbón de la cebolla en San Pablo Actipan, Tepeaca, Puebla, Méxicoh[En línea]c/por Mónica Peredo Arellano aChapingo, Méx. :bEl autor,c2012 aPara ver el contenido del material haga clic en la liga aTesis (Ing. Agrónomo Especialista en Parasitología Agrícola) -- UACH. Departamento de Parasitología Agrícola04aCebollaxEnfermedades por hongos.04aCebollaxPuebla. 3Finding aiduhttp://10.13.5.2/tesis/115426.pdfzTeclea aqui